| 000 | 01392cam a22004214i 4500 | ||
|---|---|---|---|
| 003 | PE-LiUPU | ||
| 005 | 20250731173213.0 | ||
| 008 | 150625s r 000 0 d | ||
| 035 | _a(Sirsi) a32578 | ||
| 040 |
_aPE-LiUPU _bspa _cPE-LiUPU _erda |
||
| 082 | 0 | 4 |
_a220.66 _bS415p _221 |
| 100 | 1 |
_aSchökel, Luis Alonso, _d1920- , _eautor. |
|
| 245 | 1 | 3 |
_aLa palabra inspirada : _bLa biblia a la luz de la ciencia del lenguaje / _cLuis Alonso Schökel. |
| 264 | 1 |
_aMadrid : _bEdiciones Cristiandad, _c©1986. |
|
| 300 |
_a409 páginas ; _c21 cm |
||
| 336 |
_atext _2rdacontent |
||
| 337 |
_aunmediated _2rdamedia |
||
| 338 |
_avolume _2rdacarrier |
||
| 490 | 0 |
_aAcademia Christiana ; _v27 |
|
| 505 | _aLa palabra divino-humana -- El contexto del lenguaje -- Los autores inspirados -- La obra inspirada -- Consecuencias de la inspiración. | ||
| 526 | _aSEG42 | ||
| 526 | _aSEG41 | ||
| 526 | _aSEG40 | ||
| 526 | _aSEG39 | ||
| 526 | _aP94 | ||
| 526 | _aP87 | ||
| 526 | _aP86 | ||
| 526 | _aP85 | ||
| 526 | _aP77 | ||
| 526 | _aP76 | ||
| 526 | _aP35 | ||
| 650 | 1 | 4 |
_aRevelación en la biblia. _94406 |
| 650 | 2 | 4 |
_aInspiración. _93847 |
| 942 |
_2ddc _cBK |
||
| 949 |
_wDEWEY _c1 _i28469 _lCCODEBUL1 _mBUL _p00.00 _r0 _sY _tBOOK _u2015-06-25 _xBIBLIOTECA _zUNKNOWN _0COMPRA _o.STAFF. Colección General |
||
| 980 |
_81 _gALBERTO SANCHEZ Responsable de Automatización |
||
| 999 |
_c40245 _d40245 |
||